BIFAO 125

محفوظ في:

المؤلف الرئيسي: Burt Kasparian

التنسيق: كتاب

اللغة: Undetermined

منشور في: Cairo Institut français d'archéologie orientale 2025

سلاسل: BIFAO 125

الموضوعات:

الوسوم: إضافة وسم

لا توجد وسوم, كن أول من يضع وسما على هذه التسجيلة!

رقم الطلب: On Hold

LEADER 00501nam a2200181Ia 4500
005 20260324113529.0
008 260324s9999||||xx |||||||||||||| ||und||
020 |a 9782724711066 
050 4 |a On Hold 
100 0 |a Burt Kasparian 
245 1 0 |a BIFAO 125  |c Burt Kasparian 
264 1 |a Cairo  |b Institut français d'archéologie orientale  |c 2025 
300 |a 580 Pages  |b illustrations  |c 28 cm 
490 0 |a BIFAO 125 
650 4 |a Artifact 
650 4 |a Egyptological studies 
650 4 |a Egyptology 
999 |c 61892  |d 61892